000 02052cam a22004574i 4500
003 PE-LiUPU
005 20250731173336.0
008 150706s r 000 0 d
020 _a9780664229368
035 _a(Sirsi) i9780664229368
040 _aPE-LiUPU
_bspa
_cPE-LiUPU
_erda
049 _aPRUA
082 0 4 _a226.507
_bT27
_221
100 1 _aTaylor Gench, Frances,
_eautor.
245 1 0 _aEncounters with Jesus :
_bstudies in the gopel of John /
_cFrances Taylor Gench.
264 1 _aLouisville, KY :
_bWestminster John Knox Press.,
_c2007.
300 _a170 páginas ;
_c23 centímetros
336 _atext
_2rdacontent
337 _aunmediated
_2rdamedia
338 _avolume
_2rdacarrier
505 0 _aThe word became flesh -- Entrance and exit points -- A clandestine encounter: Jesus and Nicodemus -- Conversation at the Well: Jesus and the woman of Samaria -- Images of life -- Between a Rock and a hard place: a woman accused of adultery -- A jouney to sight: the man born blind -- The Gift of life: Martha, Mary, and Lazarus -- The anointing and washing of feet -- Farewell conversations -- Sovereign in life and death: Jesus'passion -- Encounters with the Risen Lord -- Unfinished business.
526 _aSEG42
526 _aSEG41
526 _aSEG40
526 _aSEG39
526 _aP94
526 _aP87
526 _aP86
526 _aP85
526 _aP77
526 _aP76
526 _aP35
541 _g104-3776787-4588217;
630 _aBiblia.
_pN.T.
_pJuan
_xCrítica, interpretación, etc.
910 _agl
_bjv
_clch
_d20090806
942 _2ddc
_cBOOK
949 _a226.507 T27
_wDEWEY
_c1
_i59778
_lCCODEBUL1
_mBUL
_p12.00
_r0
_sY
_tBOOK
_u2015-7-6
_xTEOLOGIA
_PP85
_0COMPRA
_o.STAFF. Colección General
994 _aC0
_bPEPRU
596 _a1
999 _a226.507 T27
_wDEWEY
_c49311
_i59778
_f2021-11-9
_g5
_lCCODEBUL1
_mBUL
_p12.00
_r0
_sY
_tBOOK
_u2015-7-6
_xTEOLOGIA
_PP85
_0COMPRA
_o.STAFF. Colección General
_d49311
980 _81
_gALBERTO SANCHEZ Responsable de Automatización